[Event "Groninger Combinatie - HWP Sas van Gent"]
[Site ""]
[Date "2023.04.22"]
[Round "1.8"]
[White "Van Der Hagen, Loek"]
[Black "Nemegeer, Arne"]
[Result "1-0"]
[WhiteElo "2273"]
[BlackElo "2129"]

1. e4 {[%clk 01:30:54]} {[%emt 00:00:05]} c6 {[%clk 01:30:57]} {[%emt
00:00:03]} 2. Nc3 {[%clk 01:31:12]} {[%emt 00:00:12]} d5 {[%clk 01:31:23]}
{[%emt 00:00:04]} 3. Nf3 {[%clk 01:31:35]} {[%emt 00:00:07]} dxe4 {[%clk
01:31:50]} {[%emt 00:00:04]} 4. Nxe4 {[%clk 01:31:58]} {[%emt 00:00:08]} Nf6
{[%clk 01:32:18]} {[%emt 00:00:01]} 5. Qe2 {[%clk 01:32:14]} {[%emt 00:00:14]}
Nxe4 {[%clk 01:32:45]} {[%emt 00:00:03]} 6. Qxe4 {[%clk 01:32:36]} {[%emt
00:00:08]} Qa5 {[%clk 01:33:13]} {[%emt 00:00:01]} 7. b4 {[%clk 01:31:54]}
{[%emt 00:01:12]} Qd5 {[%clk 01:27:48]} {[%emt 00:05:55]} 8. Qe3 {[%clk
01:26:09]} {[%emt 00:06:16]} Qe6 {[%clk 01:27:33]} {[%emt 00:00:44]} 9. Bb2
{[%clk 01:25:34]} {[%emt 00:01:05]} Qxe3+ {[%clk 01:27:57]} {[%emt 00:00:06]}
10. fxe3 {[%clk 01:25:57]} {[%emt 00:00:07]} Bf5 {[%clk 01:27:25]} {[%emt
00:01:02]} 11. c4 {[%clk 01:20:07]} {[%emt 00:06:21]} e6 {[%clk 01:20:45]}
{[%emt 00:07:09]} 12. Bc3 {[%clk 01:10:20]} {[%emt 00:10:18]} Nd7 {[%clk
01:17:29]} {[%emt 00:03:45]} 13. Nh4 {[%clk 01:04:00]} {[%emt 00:06:51]} Be4
{[%clk 01:14:03]} {[%emt 00:03:56]} 14. d3 {[%clk 01:03:22]} {[%emt 00:01:08]}
Be7 {[%clk 01:14:14]} {[%emt 00:00:18]} 15. Nf3 {[%clk 01:03:35]} {[%emt
00:00:17]} Bg6 {[%clk 01:14:39]} {[%emt 00:00:06]} 16. Be2 {[%clk 00:56:08]}
{[%emt 00:07:57]} O-O {[%clk 01:10:17]} {[%emt 00:04:48]} 17. O-O {[%clk
00:54:48]} {[%emt 00:01:53]} Rfd8 {[%clk 01:04:53]} {[%emt 00:05:54]} 18. Rfd1
{[%clk 00:51:36]} {[%emt 00:03:42]} h6 {[%clk 00:49:32]} {[%emt 00:15:51]} 19.
a4 {[%clk 00:43:48]} {[%emt 00:08:18]} Bd6 {[%clk 00:34:24]} {[%emt 00:15:37]}
20. b5 {[%clk 00:25:23]} {[%emt 00:18:56]} c5 {[%clk 00:33:16]} {[%emt
00:01:37]} 21. Nd2 {[%clk 00:22:52]} {[%emt 00:03:02]} Be5 {[%clk 00:27:43]}
{[%emt 00:06:02]} 22. d4 {[%clk 00:21:22]} {[%emt 00:02:00]} Bf6 {[%clk
00:26:13]} {[%emt 00:02:00]} 23. Bf3 {[%clk 00:20:01]} {[%emt 00:01:52]} cxd4
{[%clk 00:11:08]} {[%emt 00:15:35]} 24. exd4 {[%clk 00:20:11]} {[%emt
00:00:20]} Rab8 {[%clk 00:10:05]} {[%emt 00:01:32]} 25. Ne4 {[%clk 00:08:09]}
{[%emt 00:12:32]} Bxe4 {[%clk 00:07:28]} {[%emt 00:03:08]} 26. Bxe4 {[%clk
00:08:37]} {[%emt 00:00:02]} Nb6 {[%clk 00:07:51]} {[%emt 00:00:06]} 27. c5
{[%clk 00:07:27]} {[%emt 00:01:40]} Nd5 {[%clk 00:08:18]} {[%emt 00:00:03]} 28.
Bb2 {[%clk 00:05:39]} {[%emt 00:02:18]} Rbc8 {[%clk 00:06:50]} {[%emt
00:01:58]} 29. a5 {[%clk 00:03:58]} {[%emt 00:02:12]} Rd7 {[%clk 00:05:26]}
{[%emt 00:01:54]} 30. Ra4 {[%clk 00:02:40]} {[%emt 00:01:47]} Rcd8 {[%clk
00:02:39]} {[%emt 00:03:18]} 31. a6 {[%clk 00:01:36]} {[%emt 00:01:35]} bxa6
{[%clk 00:02:28]} {[%emt 00:00:41]} 32. bxa6 {[%clk 00:00:56]} {[%emt
00:01:09]} Rb8 {[%clk 00:02:42]} {[%emt 00:00:17]} 33. Ba1 {[%clk 00:00:51]}
{[%emt 00:00:35]} Rb4 {[%clk 00:02:11]} {[%emt 00:01:00]} 34. Rxb4 {[%clk
00:01:06]} {[%emt 00:00:16]} Nxb4 {[%clk 00:02:37]} {[%emt 00:00:03]} 35. c6
{[%clk 00:00:39]} {[%emt 00:00:58]} Rc7 {[%clk 00:01:59]} {[%emt 00:01:07]} 36.
Rb1 {[%clk 00:00:41]} {[%emt 00:00:28]} Nxa6 {[%clk 00:01:22]} {[%emt
00:01:07]} 37. Bc3 {[%clk 00:00:37]} {[%emt 00:00:35]} Rc8 {[%clk 00:00:40]}
{[%emt 00:01:12]} 38. Rb7 {[%clk 00:00:43]} {[%emt 00:00:24]} Nc5 {[%clk
00:00:57]} {[%emt 00:00:13]} 39. dxc5 {[%clk 00:00:50]} {[%emt 00:00:22]} Bxc3
{[%clk 00:01:24]} {[%emt 00:00:03]} 40. c7 {[%clk 00:01:03]} {[%emt 00:00:18]}
Bd4+ {[%clk 00:00:53]} {[%emt 00:01:01]} 41. Kf1 {[%clk 00:01:26]} {[%emt
00:00:06]} f5 {[%clk 00:29:39]} {[%emt 00:01:44]} 42. Rb8 {[%clk 00:31:25]}
{[%emt 00:00:31]} 1-0

[Event "Groninger Combinatie - HWP Sas van Gent"]
[Site ""]
[Date "2023.04.22"]
[Round "1.9"]
[White "Ruzhansky, Elias"]
[Black "Schippers, Maurice"]
[Result "1/2-1/2"]
[WhiteElo "2161"]
[BlackElo "2214"]

1. e4 {[%clk 01:25:16]} {[%emt 00:05:43]} c5 {[%clk 01:30:44]} {[%emt
00:00:17]} 2. Nf3 {[%clk 01:25:38]} {[%emt 00:00:08]} e6 {[%clk 01:30:40]}
{[%emt 00:00:34]} 3. d4 {[%clk 01:26:03]} {[%emt 00:00:05]} cxd4 {[%clk
01:30:55]} {[%emt 00:00:15]} 4. Nxd4 {[%clk 01:26:25]} {[%emt 00:00:07]} Nf6
{[%clk 01:29:28]} {[%emt 00:01:58]} 5. Nc3 {[%clk 01:26:46]} {[%emt 00:00:08]}
Nc6 {[%clk 01:29:55]} {[%emt 00:00:04]} 6. Be3 {[%clk 01:27:07]} {[%emt
00:00:08]} Bb4 {[%clk 01:29:59]} {[%emt 00:00:27]} 7. Bd3 {[%clk 00:49:10]}
{[%emt 00:38:26]} d5 {[%clk 01:23:59]} {[%emt 00:06:31]} 8. Nxc6 {[%clk
00:48:05]} {[%emt 00:01:35]} bxc6 {[%clk 01:23:53]} {[%emt 00:00:37]} 9. exd5
{[%clk 00:48:26]} {[%emt 00:00:09]} cxd5 {[%clk 01:16:15]} {[%emt 00:08:08]} 10.
Bd4 {[%clk 00:47:22]} {[%emt 00:01:33]} O-O {[%clk 01:14:41]} {[%emt 00:02:03]}
11. O-O {[%clk 00:47:20]} {[%emt 00:00:32]} Bd6 {[%clk 01:10:19]} {[%emt
00:04:53]} 12. f4 {[%clk 00:46:15]} {[%emt 00:01:35]} Qe7 {[%clk 01:05:45]}
{[%emt 00:05:04]} 13. Kh1 {[%clk 00:41:10]} {[%emt 00:05:33]} Bc5 {[%clk
01:02:32]} {[%emt 00:03:45]} 14. Be5 {[%clk 00:40:22]} {[%emt 00:01:17]} g6
{[%clk 00:58:52]} {[%emt 00:04:11]} 15. Qf3 {[%clk 00:31:56]} {[%emt 00:08:56]}
Bb7 {[%clk 00:54:43]} {[%emt 00:04:39]} 16. Rae1 {[%clk 00:28:50]} {[%emt
00:03:36]} Nd7 {[%clk 00:49:31]} {[%emt 00:05:42]} 17. Qh3 {[%clk 00:27:09]}
{[%emt 00:02:11]} Nxe5 {[%clk 00:36:27]} {[%emt 00:13:34]} 18. fxe5 {[%clk
00:27:14]} {[%emt 00:00:24]} Qg5 {[%clk 00:35:57]} {[%emt 00:01:01]} 19. Rf3
{[%clk 00:26:13]} {[%emt 00:01:31]} Be7 {[%clk 00:35:12]} {[%emt 00:01:16]} 20.
Nb5 {[%clk 00:21:00]} {[%emt 00:05:42]} Qh4 {[%clk 00:24:02]} {[%emt 00:11:40]}
21. Qxh4 {[%clk 00:21:07]} {[%emt 00:00:24]} Bxh4 {[%clk 00:24:31]} 22. g3
{[%clk 00:21:27]} {[%emt 00:00:10]} Be7 {[%clk 00:24:30]} {[%emt 00:00:31]} 23.
Nd4 {[%clk 00:21:47]} {[%emt 00:00:09]} Rab8 {[%clk 00:22:42]} {[%emt
00:02:18]} 24. c3 {[%clk 00:21:44]} {[%emt 00:00:34]} Ba8 {[%clk 00:22:19]}
{[%emt 00:00:52]} 25. Rf2 {[%clk 00:21:48]} {[%emt 00:00:25]} Rb6 {[%clk
00:22:01]} {[%emt 00:00:49]} 26. b4 {[%clk 00:18:50]} {[%emt 00:03:28]} Rb7
{[%clk 00:17:09]} {[%emt 00:05:22]} 27. Rc2 {[%clk 00:18:15]} {[%emt 00:01:05]}
Bg5 {[%clk 00:15:54]} {[%emt 00:01:45]} 28. Kg2 {[%clk 00:16:24]} {[%emt
00:02:21]} Rc7 {[%clk 00:15:49]} {[%emt 00:00:36]} 29. Nb5 {[%clk 00:15:35]}
{[%emt 00:01:19]} Rd7 {[%clk 00:15:31]} {[%emt 00:00:48]} 30. Kf2 {[%clk
00:13:41]} {[%emt 00:02:23]} f6 {[%clk 00:14:59]} {[%emt 00:01:02]} 31. Kg1
{[%clk 00:14:02]} {[%emt 00:00:09]} d4 {[%clk 00:10:31]} {[%emt 00:04:59]} 32.
Bc4 {[%clk 00:08:19]} {[%emt 00:06:12]} d3 {[%clk 00:09:47]} {[%emt 00:01:15]}
33. Bxe6+ {[%clk 00:07:28]} {[%emt 00:01:21]} Kg7 {[%clk 00:08:23]} {[%emt
00:01:54]} 34. Bxd7 {[%clk 00:07:13]} {[%emt 00:00:45]} dxc2 {[%clk 00:08:22]}
{[%emt 00:00:30]} 35. e6 {[%clk 00:07:11]} {[%emt 00:00:33]} Bf3 {[%clk
00:02:53]} {[%emt 00:05:59]} 36. Ra1 {[%clk 00:00:32]} {[%emt 00:07:09]} f5
{[%clk 00:01:50]} {[%emt 00:01:33]} 37. Nd4 {[%clk 00:00:59]} {[%emt 00:00:03]}
Be4 {[%clk 00:01:26]} {[%emt 00:00:54]} 38. Ba4 {[%clk 00:00:44]} {[%emt
00:00:44]} Be3+ {[%clk 00:01:03]} {[%emt 00:00:54]} 39. Kf1 {[%clk 00:01:11]}
{[%emt 00:00:03]} Bxd4 {[%clk 00:00:41]} {[%emt 00:00:52]} 40. cxd4 {[%clk
00:00:56]} {[%emt 00:00:45]} Kf6 {[%clk 00:00:45]} {[%emt 00:00:26]} 41. Rc1
{[%clk 00:19:25]} {[%emt 00:12:00]} Kxe6 {[%clk 00:27:49]} {[%emt 00:03:26]} 42.
Bxc2 {[%clk 00:19:39]} {[%emt 00:00:16]} Kd5 {[%clk 00:27:50]} {[%emt
00:00:29]} 43. Bxe4+ {[%clk 00:18:16]} {[%emt 00:01:53]} fxe4+ {[%clk
00:27:56]} {[%emt 00:00:24]} 44. Ke2 {[%clk 00:18:42]} {[%emt 00:00:05]} Rf7
{[%clk 00:24:41]} {[%emt 00:03:46]} 45. Rc8 {[%clk 00:13:24]} {[%emt 00:05:47]}
Kxd4 {[%clk 00:23:39]} {[%emt 00:01:31]} 46. a4 {[%clk 00:08:53]} {[%emt
00:05:02]} Rf3 {[%clk 00:21:50]} {[%emt 00:02:19]} 47. Rd8+ {[%clk 00:08:04]}
{[%emt 00:01:19]} Kc4 {[%clk 00:19:59]} {[%emt 00:02:20]} 48. Re8 {[%clk
00:08:30]} {[%emt 00:00:04]} Kd4 {[%clk 00:20:22]} {[%emt 00:00:07]} 49. Rd8+
{[%clk 00:08:42]} {[%emt 00:00:18]} Kc4 {[%clk 00:20:40]} {[%emt 00:00:11]} 50.
Re8 {[%clk 00:09:02]} {[%emt 00:00:09]} Kd4 {[%clk 00:21:05]} {[%emt 00:00:05]}
51. Re7 {[%clk 00:07:54]} {[%emt 00:01:39]} Rb3 {[%clk 00:20:06]} {[%emt
00:01:28]} 52. Rd7+ {[%clk 00:07:33]} {[%emt 00:00:52]} Ke5 {[%clk 00:18:28]}
{[%emt 00:02:07]} 53. Rxh7 {[%clk 00:07:17]} {[%emt 00:00:45]} Rxb4 {[%clk
00:18:44]} {[%emt 00:00:15]} 54. Rxa7 {[%clk 00:07:42]} {[%emt 00:00:06]} Rb2+
{[%clk 00:19:10]} {[%emt 00:00:03]} 55. Ke3 {[%clk 00:08:05]} {[%emt 00:00:07]}
Rb3+ {[%clk 00:19:26]} {[%emt 00:00:14]} 56. Ke2 {[%clk 00:07:43]} {[%emt
00:00:52]} Rb2+ {[%clk 00:19:55]} {[%emt 00:00:01]} 57. Ke3 {[%clk 00:08:09]}
{[%emt 00:00:05]} Rb3+ {[%clk 00:20:22]} {[%emt 00:00:03]} 58. Kd2 {[%clk
00:08:34]} {[%emt 00:00:05]} Rb2+ {[%clk 00:20:48]} {[%emt 00:00:04]} 59. Kc3
{[%clk 00:08:28]} {[%emt 00:00:36]} Rxh2 {[%clk 00:20:48]} {[%emt 00:00:30]} 60.
Ra5+ {[%clk 00:07:42]} {[%emt 00:01:15]} Kf6 {[%clk 00:20:22]} {[%emt
00:00:56]} 61. Kd4 {[%clk 00:07:26]} {[%emt 00:00:47]} Rg2 {[%clk 00:20:29]}
{[%emt 00:00:23]} 62. Kxe4 {[%clk 00:06:58]} {[%emt 00:00:57]} Rxg3 {[%clk
00:20:54]} {[%emt 00:00:05]} 63. Kf4 {[%clk 00:07:21]} {[%emt 00:00:07]} Ra3
{[%clk 00:21:13]} {[%emt 00:00:12]} 64. Ra6+ {[%clk 00:07:48]} {[%emt
00:00:03]} Ke7 {[%clk 00:20:48]} {[%emt 00:00:55]} 65. Ke5 {[%clk 00:07:22]}
{[%emt 00:00:56]} Kd7 {[%clk 00:21:09]} {[%emt 00:00:08]} 66. Kd5 {[%clk
00:06:56]} {[%emt 00:00:56]} Kc7 {[%clk 00:21:30]} {[%emt 00:00:10]} 67. Kc5
{[%clk 00:06:31]} {[%emt 00:00:54]} Kb7 {[%clk 00:21:43]} {[%emt 00:00:18]} 68.
Ra5 {[%clk 00:05:21]} {[%emt 00:01:40]} Rh3 {[%clk 00:21:20]} {[%emt 00:00:52]}
69. Rb5+ {[%clk 00:04:56]} {[%emt 00:00:56]} Ka6 {[%clk 00:21:09]} {[%emt
00:00:41]} 70. Rb8 {[%clk 00:04:47]} {[%emt 00:00:39]} Rh1 {[%clk 00:19:53]}
{[%emt 00:01:45]} 71. Kc6 {[%clk 00:04:38]} {[%emt 00:00:39]} Rc1 {[%clk
00:20:18]} {[%emt 00:00:06]} 72. Kd6 {[%clk 00:04:56]} {[%emt 00:00:11]} Rd1
{[%clk 00:20:44]} {[%emt 00:00:05]} 73. Kc7 {[%clk 00:05:12]} {[%emt 00:00:14]}
Rc1+ {[%clk 00:21:06]} {[%emt 00:00:08]} 74. Kd7 {[%clk 00:05:36]} {[%emt
00:00:06]} Rd1+ {[%clk 00:21:32]} {[%emt 00:00:03]} 75. Ke6 {[%clk 00:05:53]}
{[%emt 00:00:13]} Re1 {[%clk 00:21:59]} {[%emt 00:00:03]} 76. Kd5 {[%clk
00:06:18]} {[%emt 00:00:05]} Rd1+ {[%clk 00:22:26]} {[%emt 00:00:04]} 77. Ke5
{[%clk 00:06:37]} {[%emt 00:00:11]} Ra1 {[%clk 00:22:45]} {[%emt 00:00:11]} 78.
Ra8+ {[%clk 00:05:43]} {[%emt 00:01:23]} Kb7 {[%clk 00:23:07]} {[%emt
00:00:09]} 79. Ra5 {[%clk 00:05:49]} {[%emt 00:00:21]} Kb6 {[%clk 00:23:36]}
{[%emt 00:00:05]} 80. Ra8 {[%clk 00:06:08]} {[%emt 00:00:10]} Kb7 {[%clk
00:24:06]} 81. Rg8 {[%clk 00:06:27]} {[%emt 00:00:12]} Rxa4 {[%clk 00:24:33]}
{[%emt 00:00:02]} 82. Rxg6 {[%clk 00:06:14]} {[%emt 00:00:10]} 1/2-1/2

[Event "Groninger Combinatie - HWP Sas van Gent"]
[Site ""]
[Date "2023.04.22"]
[Round "1.10"]
[White "Warakomska, Anna"]
[Black "Vantorre, Nils"]
[Result "1/2-1/2"]
[WhiteElo "2180"]
[BlackElo "1920"]

1. d4 {[%clk 01:30:35]} {[%emt 00:00:25]} Nf6 {[%clk 01:30:44]} {[%emt
00:00:17]} 2. c4 {[%clk 01:30:59]} {[%emt 00:00:05]} g6 {[%clk 01:31:01]}
{[%emt 00:00:13]} 3. g3 {[%clk 01:31:00]} {[%emt 00:00:30]} c6 {[%clk
01:31:03]} {[%emt 00:00:28]} 4. Bg2 {[%clk 01:30:54]} {[%emt 00:00:36]} d5
{[%clk 01:31:27]} {[%emt 00:00:06]} 5. Qa4 {[%clk 01:29:53]} {[%emt 00:01:30]}
Bg7 {[%clk 01:28:30]} {[%emt 00:03:27]} 6. cxd5 {[%clk 01:28:28]} {[%emt
00:01:55]} Nxd5 {[%clk 01:28:54]} {[%emt 00:00:06]} 7. Nf3 {[%clk 01:28:42]}
{[%emt 00:00:17]} O-O {[%clk 01:24:21]} {[%emt 00:05:02]} 8. O-O {[%clk
01:28:52]} {[%emt 00:00:20]} Bg4 {[%clk 01:16:02]} {[%emt 00:08:50]} 9. Nbd2
{[%clk 01:25:38]} {[%emt 00:03:44]} Qd7 {[%clk 01:00:57]} {[%emt 00:15:35]} 10.
Re1 {[%clk 01:19:32]} {[%emt 00:06:35]} c5 {[%clk 00:54:18]} {[%emt 00:07:09]}
11. Qb3 {[%clk 01:06:13]} {[%emt 00:13:49]} cxd4 {[%clk 00:45:56]} {[%emt
00:08:53]} 12. Nxd4 {[%clk 00:59:16]} {[%emt 00:07:27]} Bxd4 {[%clk 00:43:14]}
{[%emt 00:03:11]} 13. Qxd5 {[%clk 00:58:58]} {[%emt 00:00:49]} Qxd5 {[%clk
00:40:11]} {[%emt 00:03:33]} 14. Bxd5 {[%clk 00:59:14]} {[%emt 00:00:13]} Nc6
{[%clk 00:40:37]} {[%emt 00:00:05]} 15. Nb3 {[%clk 00:54:55]} {[%emt 00:04:49]}
Bg7 {[%clk 00:36:21]} {[%emt 00:04:45]} 16. a3 {[%clk 00:39:24]} {[%emt
00:16:02]} Nd4 {[%clk 00:24:50]} {[%emt 00:12:01]} 17. Nxd4 {[%clk 00:35:12]}
{[%emt 00:04:42]} Bxd4 {[%clk 00:24:57]} {[%emt 00:00:22]} 18. Bxb7 {[%clk
00:32:07]} {[%emt 00:03:36]} Rab8 {[%clk 00:24:42]} {[%emt 00:00:44]} 19. Bf3
{[%clk 00:32:30]} {[%emt 00:00:07]} Be6 {[%clk 00:24:18]} {[%emt 00:00:54]} 20.
Bh6 {[%clk 00:22:08]} {[%emt 00:10:53]} Rfd8 {[%clk 00:22:00]} {[%emt
00:02:47]} 21. Rac1 {[%clk 00:19:54]} {[%emt 00:02:43]} Bxb2 {[%clk 00:21:33]}
{[%emt 00:00:58]} 1/2-1/2